000
00289nam a22001337a 4500
008
210309b ||||| |||| 00| 0 eng d
041
_a
eng
080
_a
51
082
_a
51
100
_a
36
101
_a
MAT
245
_a
Introductory Real Analysis
_c
Kolmogorov, A.N
942
_2
udc
_c
BK
999
_c
56065
_d
56065